| 000 | 00979nam a2200277 i 4500 | ||
|---|---|---|---|
| 001 | 15793 | ||
| 003 | ES-MaACL | ||
| 005 | 20250804062609.0 | ||
| 007 | t| | ||
| 008 | 000508s1990 sp ab |||| | spa d | ||
| 020 | _a84-505-9261-5 | ||
| 080 | _a860-31"18" | ||
| 100 | 1 |
_aPérez Galdós, Benito, _d1843-1920 _990871 |
|
| 245 | 1 | 0 |
_aZumalacárregui / _cBenito Pérez Galdós ; edición, prólogo y notas, Yolanda Arencibia. |
| 250 | _a1ª ed. | ||
| 260 |
_a[Las Palmas de Gran Canaria] : _bCabildo Insular de Gran Canaria, _c1990. |
||
| 300 |
_a264 p. , 1 h. de map. pleg. : _bil. ; _c23 cm. |
||
| 490 | 1 |
_aBiblioteca galdosiana ; _v1 |
|
| 504 | _aBibliografía: p. 72-74. | ||
| 651 | 4 |
_aEspaña- _xHistoria- _y1833-1840, Guerra carlista- _vNovelas. _98251 |
|
| 700 | 1 |
_aArencibia, Yolanda _922611 |
|
| 710 | 1 |
_aGran Canaria. _bCabildo Insular. _92264 |
|
| 830 | 0 |
_aBiblioteca galdosiana ; _v1 _9179824 |
|
| 852 |
_aES-MaACL _jL-22935 |
||
| 999 |
_c15793 _d15793 |
||